Patria con honra, ó sea España cuna de la humanidad, origen y raíz de todas la lenguas, fuente de la historia (Record no. 163923)
[ view plain ]
| 000 -LEADER | |
|---|---|
| campo de control de longitud fija | 00914nam a2200193 i 4500 |
| 001 - NÚMERO DE CONTROL | |
| campo de control | 163923 |
| 003 - IDENTIFICADOR DE NÚMERO DE CONTROL | |
| campo de control | ES-MaACL |
| 005 - FECHA Y HORA DE LA ÚLTIMA TRANSACCIÓN | |
| campo de control | 20230906212834.0 |
| 008 - DATOS DE LONGITUD FIJA--INFORMACIÓN GENERAL | |
| campo de control de longitud fija | 991122s1894 sp ao |||| | spa d |
| 040 ## - FUENTE DE CATALOGACIÓN | |
| Centro catalogador/agencia de origen | CCPB | B |
| Lengua de catalogación | spa |
| Centro/agencia transcriptor | CCPB | B |
| 100 1# - ENTRADA PRINCIPAL--NOMBRE DE PERSONA | |
| Nombre de persona | Romeo y Belloc, Bernabé. |
| 9 (RLIN) | 132027 |
| 245 10 - MENCIÓN DEL TÍTULO | |
| Título | Patria con honra, ó sea España cuna de la humanidad, origen y raíz de todas la lenguas, fuente de la historia |
| Resto del título | : cuartillas a granel / |
| Mención de responsabilidad, etc. | Bernabé Romeo y Belloc. |
| 246 30 - FORMA VARIANTE DEL TITULO | |
| Título propio/Titulo breve | España cuna de la humanidad, origen y raíz de todas las lenguas, fuente de la historia |
| 260 ## - PUBLICACIÓN, DISTRIBUCIÓN, ETC. | |
| Lugar de publicación, distribución, etc. | Madrid : |
| Nombre del editor, distribuidor, etc. | [s.n.], |
| Fecha de publicación, distribución, etc. | 1894 ( |
| Fabricante | Imp. y Fund. de Manuel Tello) |
| 300 ## - DESCRIPCIÓN FÍSICA | |
| Extensión | 1 v. ; |
| Dimensiones | 23 cm. |
| 505 8# - NOTA DE CONTENIDO CON FORMATO | |
| Nota de contenido con formato | Contiene: ; |
| Título | Primer manojo (48 p., [1] h. de fot.) ; |
| -- | Segundo manojo (48 p.) |
| 651 #4 - PUNTO DE ACCESO ADICIONAL DE MATERIA--NOMBRE GEOGRÁFICO | |
| Nombre geográfico | España- |
| Subdivisión general | Historia. |
| 9 (RLIN) | 8209 |
| 852 ## - LOCALIZACIÓN | |
| Ubicación | ES-MaACL |
| Número de control de estantería | T-825-F-1-2 |
| Nota libre | - Enc. hol., conservando la cub. original |
| -- | - Enc. en un vol. facticio |
| Estatus retirado | Estado de pérdida | Estado de daño | No para préstamo | Colección | Biblioteca de origen | Biblioteca actual | Ubicación en estantería | Fecha de adquisición | Total de préstamos | Signatura topográfica completa | Código de barras | Visto por última vez | Precio de reemplazo | Tipo de ítem Koha |
|---|---|---|---|---|---|---|---|---|---|---|---|---|---|---|
| Colección de folletos | Biblioteca del Ateneo de Madrid | Biblioteca del Ateneo de Madrid | Depósito folletos | 17/01/2008 | T-825-F-1-2 | 1171796 | 23/02/2023 | 23/02/2023 | Folleto |
